Step by step guide to exploratory factor analysis with spss (Record no. 1225798)

MARC details
000 -LEADER
fixed length control field 00631nam a2200217Ia 4500
005 - DATE AND TIME OF LATEST TRANSACTION
control field 20241129105745.0
008 - FIXED-LENGTH DATA ELEMENTS--GENERAL INFORMATION
fixed length control field 241129s9999||||xx |||||||||||||| ||und||
020 ## - INTERNATIONAL STANDARD BOOK NUMBER
International Standard Book Number 978-0-367-71031-6
037 ## - SOURCE OF ACQUISITION
Stock number TB
040 ## - CATALOGING SOURCE
Original cataloging agency ARTS
Language of cataloging eng
Transcribing agency ARTS
041 ## - LANGUAGE CODE
Language code of text/sound track or separate title eng
Source of code eng
084 ## - COLON CLASSIFICATION NUMBER
Classification number D65,8(B)92 R1
Assigning agency ARTS
100 ## - MAIN ENTRY--PERSONAL NAME
Personal name Watkins Marley W. Au.
245 #0 - TITLE STATEMENT
Title Step by step guide to exploratory factor analysis with spss
Statement of responsibility, etc. Watkins Marley W. Au.
260 ## - PUBLICATION, DISTRIBUTION, ETC.
Place of publication, distribution, etc. New York, USA
Name of publisher, distributor, etc. Routledge
Date of publication, distribution, etc. 2021
300 ## - PHYSICAL DESCRIPTION
Extent xviii,204p.
365 ## - TRADE PRICE
Price type code UKP
Price amount 39.99
650 ## - SUBJECT ADDED ENTRY--TOPICAL TERM
Topical term or geographic name entry element Engineering
942 ## - ADDED ENTRY ELEMENTS (KOHA)
Koha item type Textbook
Classification part D65,8(B)92 R1

No items available.

Copyright @ Delhi University Library System